|
|
|
|
| LEADER |
00000nam0a2200000 4500 |
| 001 |
15244 |
| 005 |
20231030190145.0 |
| 010 |
|
|
|a 51100115509
|
| 035 |
|
|
|a (RuTPU)RU\TPU\book\15351
|
| 035 |
|
|
|a BOOK00000039
|
| 090 |
|
|
|a 15244
|
| 100 |
|
|
|a 20011209d1989 k y0rusy50 ca
|
| 101 |
0 |
|
|a rus
|
| 102 |
|
|
|a UA
|
| 105 |
|
|
|a y z 000zy
|
| 200 |
1 |
|
|a Социальное становление советской молодежи
|f Н. П. Ищенко
|
| 210 |
|
|
|a Киев
|c Выща школа
|d 1989
|
| 215 |
|
|
|a 197 с.
|
| 610 |
1 |
|
|a социология
|
| 610 |
1 |
|
|a СССР
|
| 610 |
1 |
|
|a личность
|
| 610 |
1 |
|
|a молодежь
|
| 686 |
|
|
|a С55.32
|v LBC/SL-A
|2 rubbk
|
| 700 |
|
1 |
|a Ищенко
|b Н. П.
|g Николай Павлович
|
| 801 |
|
0 |
|a RU
|b 63413507
|c 20011209
|g PSBO
|
| 801 |
|
2 |
|a RU
|b 63413507
|c 20201118
|g PSBO
|
| 942 |
|
|
|c BK
|